Countries by Street Names - Statistics

General Stats
  • This quiz has been taken 117 times
  • The average score is 15 of 20
Answer Stats
Hint Answer % Correct
Avenue des Champs-Élysées France
98%
Van der Hoopstraat Netherlands
93%
Köpenicker Straße Germany
89%
Xī'ān mén dàjiē China
85%
Rosa Parks Boulevard United States
83%
Wybrzeże Kościuszkowskie Poland
81%
Donauturmstraße Austria
80%
Chaussée de Waterloo Belgium
80%
Sihlhölzlistrasse Switzerland
80%
Via del Corso Italy
76%
Apollonos Greece
74%
Bulevar Nikole Tesle Serbia
73%
Bol'shaya Morskaya Ulitsa Russia
72%
Rua da América Brazil
71%
Hokusai-dōri Japan
71%
Hämeentie Finland
69%
Nobelgatan Sweden
65%
Calea Victoriei Romania
45%
Jumeirah Beach Road United Arab Emirates
45%
Calle Chimborazo Ecuador
32%
No matching quizzes found
Score Distribution
Percent of People with Each Score
Percentile by Number Answered
Your Score History
You have not taken this quiz